Регионална библиотека "Любен Каравелов" - Русе

Карнавал на трупове (Запис номер 11284)

MARC детайли
000 -Лидер
Контролно поле с фиксирана дължина 01458nam a2200349 c 4500
003 - Код на организацията, давaща контролен номер
Контролно поле BLK
005 - Дата и час на последна редакция
Контролно поле 20240822174859.0
008 - Елементи от данни с фиксирана дължина
fixed length control field 180412b bul|||||r ||||||| ||bul||
010 ## - Наследен системен номер
LC control number KNG00012818000
020 ## - Международен стандартен номер на книга ISBN
Международен стандартен номер на книга ISBN 954-8415-37-2
-- издат.: Делакорт
040 ## - Източник на каталожния запис
Идентификатор на билиотеката - собственик на записа BLK
041 ## - Код за език
Код за езика на текст/звукозапис или на отделно заглавие Български
Код за езика КДБФ Български
080 ## - УДК
Текстов определител УДК Американска литература (на САЩ)
УДК код - определител по УДК 821.111(73)
УДК определител -322.4
УДК - код + определител 821.111(73)-322.4
100 1# - Редна дума - Автор
Автор Бредбъри, Рей Дъглас
Авторска отговорност първи автор
R(LIN) 364486
139 ## - Редно поле
Редна дума Бредбъри, Рей
Авторски знак Бре - Б 80
245 10 - Сведения за заглавието
Заглавие Карнавал на трупове
Подзаглавни данни Разкази
Редно поле (дума) Рей Дъглас Бредбъри; прев. от англ. Григор Попхристов; прев. от англ. Владимир Германов.
257 ## - Страна на издаване
Страна на създаване/издаване Съединени американски щати
260 ## - Област на издателските данни
-- София
Име на издателя, разпространителя и проч. Делакорт
Година на издаване 1996
Печатница Хасково : Полиграфюг
300 ## - Физическа характеристика
Страници 176 с.
Размери/Мащаб 20 см
380 ## - Жанр
Жанр Худож. лит.
500 ## - Общи забележки
Забележка Ориг. загл. Corpse Carnival / Ray Bradbury. - 1 000 тир.
653 ## - Ключова дума – ненормативна
Ключова дума хорър
653 ## - Ключова дума – ненормативна
Ключова дума разкази
700 1# - Други автори (авторска отговорност)
Лично име Попхристов, Григор
Автороска отговорност (Описва отношението между автора и произведението) прев. от англ.
9 (RLIN) 242600
700 1# - Други автори (авторска отговорност)
Лично име Германов, Владимир
Автороска отговорност (Описва отношението между автора и произведението) прев. от англ.
9 (RLIN) 363432
852 ## - Местоположение
Форматна сигнатура Цб 189272
856 4# - Електронен адрес и достъп
Електронен формат pdf - файл
Път до файла /url/
856 4# - Електронен адрес и достъп
Електронен формат pdf - файл
Път до файла /url/
942 ## - АРТИКУЛИ
Вид на библиотечния материал Книги
Скрит в OPAC Не
Koha issues (borrowed), all copies 3
944 ## - СЪЗДАВАНЕ И РЕДАКЦИЯ на ЗАПИСА
Създаване/Редакция Създаване
Дата на регистрацията/редакция 15.01.2003
Статус, дата на статуса Цветомила Тодорова
Служител, извършил регистрацията/редакцията 30576
944 ## - СЪЗДАВАНЕ И РЕДАКЦИЯ на ЗАПИСА
Създаване/Редакция Редакция
Дата на регистрацията/редакция 21.11.2011
Статус, дата на статуса ф /
Служител, извършил регистрацията/редакцията
999 ## - СИСТЕМНИ КОНТРОЛНИ НОМЕРА
Koha biblionumber 11284
Koha biblioitemnumber 11284
Наличности
Код за отписване Код за изгубен артикул Източник на класификационната схема Код за повреда Коз за рестрикции Код за отдаване Артикулен № Име на библиотеката - собственик Име на библиотеката, в която се намира в момента Статус (Текущо местоположение) Дата на вписване в системата Местоположение - отдел Цена в лева Инвентарен номер Систематично азбучна сигнатура Баркод Номер на екземпляра Цена в евро Служебна бележка Служебен тип на артикула
  Не е изгубен Universal Decimal Classification Не е повреден без рестрикции ползва се в читалня 19567 Регионална библиотека "Любен Каравелов" Русе Регионална библиотека "Любен Каравелов" Русе Хранилище 2001-01-01 Хранилище 0.72 623989 Цб 189272 120000623989 1 0.37 Дост: Dp Вид: Д N: стар фонд Дата: 01.01.1996 Книги
  Не е изгубен   Не е повреден без рестрикции заемане за дома 19568 Регионална библиотека "Любен Каравелов" Русе Регионална библиотека "Любен Каравелов" Русе Заемна - подръчен фонд 2011-10-28 Заемна - подръчен фонд 4.00 120000753925 П 820(73)-32/Б 80 120000753925 2 2.05 Дост: DA Вид: А N: 18 Дата: 28.10.2011 Дата инв: 16.02.2018 Бележки инв: П2018 Книги
Vip Innovations Ltd, Rousse, Bulgaria 2025